Six-Letter Word Match Quiz Stats

 Plays Quiz Updated Mar 15, 2019

Score 0/26 Timer 04:00
1 Play Today
% Correct
GOV
85.3%
JUG
79.8%
QUA
77.9%
NIB
76.3%
YOG
73.9%
VAC
70.2%
COM
69.1%
ABA
67%
SUB
67%
UPB
66.1%
OBT
64%
BLA
63.2%
PIL
62.8%
% Correct
IRO
62.2%
ZEN
61.7%
WEA
61.3%
MAG
60.9%
TOR
57.9%
HOO
57.6%
REM
57.1%
LOT
51.6%
KIS
50%
ENT
49.8%
DIG
47.8%
FOM
40.1%
XEN
29.2%

You're not logged in!

Compare scores with friends on all Sporcle quizzes.
OR
Log In

Show Comments

Extras

Top Quizzes Today


Score Distribution

Your Account Isn't Verified!

In order to create a playlist on Sporcle, you need to verify the email address you used during registration. Go to your Sporcle Settings to finish the process.

Report this User

Report this user for behavior that violates our Community Guidelines.

Details: